00293nam a2200121Ia 450000500170000000800410001708200130005810000130007124500140008426000400009830000120013850000210015020250405111142.0240331s9999 xx 000 0 und d bSIVa894 aSivam, K 0aVelloddam aJaffnabYal. Ilakkiya Vaddamc1986  a72 p ., aTwo Short Novels